Você conhece essa jogadora? - Statistics

Estatísticas Gerais
  • Esse quiz foi jogado 8 vezes
  • A pontuação média é 8 de 24
Estatísticas das Respostas
Imagem Resposta % Correto
marta
100%
formiga
86%
putellas
71%
rapinoe
71%
james
57%
kerr
57%
aitana bonmati
43%
debinha
43%
morgan
43%
renard
43%
hansen
29%
kerolin
29%
lehmann
29%
claudia pina
14%
diani
14%
hamm
14%
karchaoui
14%
kelly
14%
bacha
0%
guijarro
0%
katoto
0%
reiten
0%
russo
0%
shaw
0%
Nenhum quiz correspondente encontrado
Distribuição das Pontuações
Porcentagem de Pessoas com Cada Pontuação
Percentil de Números Respondidos
Sua Pontuação Histórica
Você não jogou esse quiz